Prueba de Regiones de Chile: Coquimbo - Estadísticas

Estadísticas generales
  • Esta prueba ha sido intentada 19 veces
  • La puntuación promedio es 11 de 18
Estadísticas de respuestas
Pregunta Respuesta % Correcto
Capital La Serena
100%
Ciudad más poblada de la región según el censo de 2017 Coquimbo
91%
Famosa poetisa, premio Nobel de Literatura nacida en esta región Gabriela Mistral
91%
Elqui
82%
Famoso valle en el que se fabrica el pisco Valle del Elqui
82%
Segunda ciudad más grande de la región contando área metropolitana Ovalle
73%
Pueblo Indígena Mayoritario Diaguita
64%
Limarí
64%
Principal actividad económica Minería
64%
Ciudad conocida como "el pueblo de las brujas" Salamanca
64%
Provincias Choapa
55%
Ciudad de la que es originaria una de las dos piedras nacionales Combarbalá
55%
Gran cruz ubicada en esa ciudad inaugurada el 2000 Cruz del Tercer Milenio
55%
Valle conocido por los petroglifos de la cultura Molle Valle del Encanto
45%
Pueblo en la comuna de Canela conocido por su queso y sus empanadas Huentelauquén
36%
Islas de la Reserva nacional Pingüino de Humboldt que se encuentran en esta región Isla Choros
36%
Isla Damas
36%
Localidad que esta poetisa consideraba su pueblo natal Montegrande
36%
No se encontraron pruebas coincidentes
Distribución de puntuación
Porcentaje de gente con cada puntuación
Porcentaje por número respondido
Historial de tus puntuaciones
No has intentado esta prueba.